000
00404nam a2200145Ia 4500
008
191206s9999 xx 000 0 und d
020
_a
0198319274 :
090
_a
PR2823.A2G77
245
0
_a
Macbeth
260
_a
Clarendon Press
260
_b
New Clarendon Shakespeare
260
_c
c1975 [i.e. 1976]
300
_a
191 p. : 1 ill. ; 17 cm.
999
_c
16373
_d
16373